000 00439nam a2200181Ia 4500
001 18595
005 20260306171642.0
008 260306s9999||||xx |||||||||||||| ||und||
041 _aESP
082 _a658.4092
_bC86B
100 _aCovey, Stephen R.,
_eAUT
245 0 _aLos 7 hábitos de la gente altamente efectiva
260 _c2020
300 _a494 páginas :
_c
650 _aGEN
654 _aCAN
942 _cLIB
_dJUS
_fJUS
_2ddc
_n
999 _c18595
_d18595